Statistics for Top 50 Military

Click here to take the quiz!

General Stats

  • This quiz has been taken 30 times
  • The average score is 40 of 50

Answer Stats

HintAnswer% Correct
3China
100%
5United Kingdom
100%
1United States
100%
4India
96%
8Japan
96%
35Norway
96%
2Russia
96%
9France
92%
25Germany
92%
10Italy
92%
34North Korea
92%
6South Korea
92%
37Sweden
92%
12Brazil
88%
27Canada
88%
20Poland
88%
22Saudi Arabia
88%
21Spain
88%
50Denmark
84%
17Iran
84%
18Israel
84%
7Pakistan
84%
33South Africa
84%
15Ukraine
84%
16Australia
80%
14Egypt
80%
13Indonesia
80%
31Mexico
80%
41Portugal
80%
28Argentina
76%
46Chile
76%
30Greece
76%
45Iraq
76%
42Malaysia
76%
39Netherlands
76%
23Taiwan
76%
19Vietnam
76%
40Bangladesh
72%
38Myanmar
72%
47Romania
72%
44Switzerland
72%
24Thailand
72%
26Algeria
68%
48Czechia
68%
49Ethiopia
68%
36Nigeria
68%
43Colombia
64%
32Philippines
64%
29Singapore
48%
11Turkiye
12%

Score Distribution

Percentile by Number Answered

Percent of People with Each Score

Your Score History

You have not taken this quiz